[Event "Cerdanyola del Valles op 28th"]
[Site "Cerdanyola del Valles"]
[Date "2010.10.02"]
[Round "1"]
[White "Bover de la Cruz, Pol"]
[Black "Martinez Arca, Manuel"]
[Result "0-1"]
[WhiteElo "1626"]
[BlackElo "1897"]
[PlyCount "84"]
[EventDate "2010.10.02"]
[EventType "swiss"]
[EventRounds "7"]
[EventCountry "ESP"]
[SourceTitle "EXT 2012"]
[Source "ChessBase"]
[SourceDate "2011.11.24"]
[SourceVersion "1"]
[SourceVersionDate "2011.11.24"]
[SourceQuality "1"]

1. e4 c5 2. Nf3 d6 3. Bb5+ Bd7 4. Bxd7+ Nxd7 5. 0-0 g6 6. c3 Bg7 7. d4 Ngf6 8. Re1 0-0 9. Nbd2 Nh5 10. Nf1 Qc7 11. Be3 b5 12. Rc1 c4 13. Qc2 Rfd8 14. Ng3 Nhf6 15. h3 e5 16. d5 Nc5 17. Bxc5 Qxc5 18. Qd2 a5 19. Qe2 Nd7 20. Nd2 a4 21. a3 Bh6 22. Rcd1 Qb6 23. Qf3 Nc5 24. Qg4 Nd3 25. Rf1 Kh8 26. Qe2 Nxb2 27. Rb1 Nd3 28. Nf3 Qa5 29. Qc2 Rf8 30. Nh4 Qd8 31. Nf3 Rb8 32. Ne1 Nc5 33. Nf3 Qd7 34. Nh4 Bg5 35. Nf3 Be7 36. Rfe1 f5 37. Rbd1 f4 38. Ne2 g5 39. Nh2 h5 40. f3 Nd3 41. Rf1 Qa7+ 42. Kh1 Nf2+ 0-1

[Event "Sabadell Colon op 4th"]
[Site "Sabadell"]
[Date "2010.02.12"]
[Round "3.9"]
[White "Martinez Arca, Manuel"]
[Black "Sola Montoya, Josep"]
[Result "1-0"]
[WhiteElo "1897"]
[BlackElo "1633"]
[PlyCount "51"]
[EventDate "2010.01.29"]
[EventType "swiss"]
[EventRounds "9"]
[EventCountry "ESP"]
[SourceTitle "EXT 2024"]
[Source "ChessBase"]
[SourceDate "2023.10.10"]
[SourceVersion "1"]
[SourceVersionDate "2023.10.10"]
[SourceQuality "1"]

1. e4 c6 2. d4 d5 3. exd5 cxd5 4. c4 Nf6 5. Nc3 e6 6. c5 b6 7. b4 bxc5 8. bxc5 g6 9. Nf3 Bg7 10. Bd3 0-0 11. 0-0 Ba6 12. Bf4 Bxd3 13. Qxd3 Nc6 14. Bd6 Re8 15. Rab1 Na5 16. Nb5 Nc4 17. Nc7 Nxd6 18. cxd6 Qxd6 19. Nxa8 Rxa8 20. Ne5 Rc8 21. Rb7 Rc7 22. Rfb1 Nd7 23. Rxc7 Qxc7 24. Nxd7 Qxd7 25. Rb8+ Bf8 26. Qa3 1-0

[Event "Sabadell Colon op 4th"]
[Site "Sabadell"]
[Date "2010.01.29"]
[Round "1.9"]
[White "Martinez Arca, Manuel"]
[Black "Santamaria Fernandez, Gregorio"]
[Result "1-0"]
[WhiteElo "1897"]
[BlackElo "2145"]
[PlyCount "69"]
[EventDate "2010.01.29"]
[EventType "swiss"]
[EventRounds "9"]
[EventCountry "ESP"]
[SourceTitle "EXT 2024"]
[Source "ChessBase"]
[SourceDate "2023.10.10"]
[SourceVersion "1"]
[SourceVersionDate "2023.10.10"]
[SourceQuality "1"]

1. e4 e5 2. Nf3 Nc6 3. c3 Be7 4. d4 d6 5. d5 Nb8 6. c4 Nf6 7. Nc3 0-0 8. h3 Na6 9. Be3 Ne8 10. a3 f5 11. exf5 Bxf5 12. Bd3 g6 13. Qd2 Ng7 14. Ne4 b6 15. b4 Qd7 16. Bh6 c6 17. dxc6 Qc7 18. b5 Nc5 19. Nxc5 dxc5 20. Bxf5 Rxf5 21. 0-0 Rd8 22. Qe3 Ne6 23. g4 Rxf3 24. Qxf3 Nd4 25. Qe4 g5 26. h4 gxh4 27. f4 Qd6 28. Qxe5 Qg6 29. Bg5 Qd3 30. Rf2 Nf3+ 31. Rxf3 Qxf3 32. Qe6+ Kh8 33. Bf6+ Bxf6 34. Qxf6+ Kg8 35. Qxd8+ 1-0

[Event "Sabadell op 2nd"]
[Site "Sabadell"]
[Date "2009.09.01"]
[Round "1"]
[White "Martinez Arca, Manuel"]
[Black "Solodovnichenko, Yuri"]
[Result "0-1"]
[WhiteElo "1917"]
[BlackElo "2601"]
[PlyCount "46"]
[EventDate "2009.09.01"]
[EventType "swiss"]
[EventRounds "9"]
[EventCountry "ESP"]
[SourceTitle "CBM 132 Extra"]
[Source "ChessBase"]
[SourceDate "2009.11.03"]
[SourceVersion "1"]
[SourceVersionDate "2009.11.03"]
[SourceQuality "1"]

1. e4 g6 2. d4 Bg7 3. c4 d6 4. Nc3 e5 5. d5 f5 6. Bd3 Nf6 7. Qc2 f4 8. g3 0-0 9. gxf4 exf4 10. Bxf4 Nxe4 11. Nxe4 Rxf4 12. Ne2 Rf3 13. 0-0-0 Na6 14. a3 Nc5 15. Nxc5 dxc5 16. h4 Rxf2 17. h5 Bg4 18. hxg6 h5 19. Rde1 Qg5+ 20. Kb1 Re8 21. Rhf1 Qe3 22. Rxf2 Qxf2 23. Qd1 Re3 0-1